• 首页
  • 本馆介绍
  • 公告通知
  • 最新文献
  • 馆藏检索
  • 电子资源
  • 读者导购
  • 参考咨询
  • 我的图书馆
  • 登录
  • 详细信息显示
  • 放入我的书架
  • 预约/预借图书
  • 作者相关作品
  • 分类相关作品
  • 丛书相关作品
  • 出版社相关作品

书目信息

  • 表格格式
  • 工作单格式
  • 卡片格式
题名:
秦汉农民战争史料汇编
    
 
作者: 安作璋 编
分册:  
出版信息: 北京   中华书局  1982.2
页数: 378页
开本: 20cm
丛书名:
单 册:
中图分类: K232.06
科图分类:
主题词: 中国--古代史--封建社会
电子资源:
ISBN:
000 00569nam0 2200205 45
001 0312221749
005 20040505090849.0
010    @dCNY1.40
091    @a11018.1009
100    @a20031222d1982 km y0chiy0120 ea
101    @achi
105    @a z 000yy
200 1  @a秦汉农民战争史料汇编@AQin Han Nong Min Zhan Zheng Shi Liao Hui Bian@f安作璋编@FAn Zuo Zhang Bian
210    @a北京@c中华书局@d1982.2
215    @a378页@d20cm
606 0  @a中国@x古代史@x封建社会
690    @aK232.06@v3
701 0  @a安作璋@4编
801    @aCN@bTSTCL@c20031222
905    @dK232.06@e19
    
    秦汉农民战争史料汇编/安作璋编.-北京:中华书局,1982.2
    378页;20cm
    
    
    ISBN :CNY1.40
    
●
相关链接 在E读中查询图书 在五车中查询图书 在当当中查询图书 在豆瓣中查询图书


正题名:秦汉农民战争史料汇编     索取号:K232.06/19         预约/预借

序号 登录号 条形码 馆藏地/架位号 状态 备注
1 0179944   001283765   第二借阅区/ [索取号:K232.06/19] 在馆    
2 0179945   001283685   第二借阅区/ [索取号:K232.06/19] 在馆    
3 0179946   001283649   第二样本阅览室/ [索取号:K232.06/19] 在馆    
唐山师范学院图书馆 欢迎您!
大连网信软件有限公司© 版权所有